改札名クイズ 〜大阪市主要駅〜 - Statistics

General Stats
  • This quiz has been taken 136 times
  • The average score is 22 of 41
Answer Stats
改札名 % Correct
北口
100%
東口
100%
西口
100%
北改札
100%
東改札
100%
西改札
100%
東改札口
100%
西改札口
100%
3F北改札
100%
南口
99%
南改札
99%
2F南改札
99%
3階南改札
99%
中央口
90%
中央改札口
90%
中改札
90%
2階中央改札
90%
2F中央改札
90%
御堂筋口
50%
桜橋口
47%
うめきた地下口
39%
北東改札
35%
北西改札
35%
連絡橋口
28%
茶屋町口改札
27%
片町口改札口
17%
南南改札
16%
百貨店口
15%
南北改札
15%
中南改札
13%
通天閣口(東口)
10%
エキマルシェ大阪口
8%
西西改札
8%
西東改札
8%
京阪モール3F連絡改札口
6%
中北東改札
5%
中北西改札
5%
エレベーター専用改札口
5%
MIO本館改札
4%
天王寺MIOプラザ館改札
4%
アルデ新大阪改札
3%
No matching quizzes found
Score Distribution
Percent of People with Each Score
Percentile by Number Answered
Your Score History
You have not taken this quiz